THE ISLAND OF THE DAY BEFORE (Record no. 216570)

MARC details
000 -LEADER
fixed length control field 00447nam a22001577a 4500
008 - FIXED-LENGTH DATA ELEMENTS--GENERAL INFORMATION
fixed length control field 260210b |||||||| |||| 00| 0 eng d
020 ## - INTERNATIONAL STANDARD BOOK NUMBER
International Standard Book Number 978-0-749-39666-4
050 ## - LIBRARY OF CONGRESS CALL NUMBER
Classification number PQ 4865 .C6 E26
100 ## - MAIN ENTRY--PERSONAL NAME
Personal name ECO, UMBERTO
245 ## - TITLE STATEMENT
Title THE ISLAND OF THE DAY BEFORE
260 ## - PUBLICATION, DISTRIBUTION, ETC.
Place of publication, distribution, etc. LONDON,
Name of publisher, distributor, etc. VINTAGE BOOKS,
Date of publication, distribution, etc. 1996
300 ## - PHYSICAL DESCRIPTION
Extent 515 P, ILL
650 ## - SUBJECT ADDED ENTRY
Topical term or geographic name entry element 1. HISTORICAL FICTION 2. SHIPWRECK SURVIVAL- FICTION
942 ## - ADDED ENTRY ELEMENTS (KOHA)
Source of classification or shelving scheme Library of Congress Classification
Koha item type Long Loan Book
Holdings
Withdrawn status Lost status Source of classification or shelving scheme Damaged status Not for loan Collection Home library Current library Shelving location Date acquired Inventory number Total checkouts Full call number Barcode Date last seen Copy number Price effective from Koha item type
    Library of Congress Classification     Arts & Social Sciences Kisii University Library Kisii University Library On Display 02/26/2026 111567   PQ 4865 .C6 E26 1996 A000309 02/26/2026 1 02/26/2026 Long Loan Book
    Library of Congress Classification     Arts & Social Sciences Kisii University Library Kisii University Library On Display 02/26/2026 111568   PQ 4865 .C6 E26 1996 A000310 02/26/2026 2 02/26/2026 Long Loan Book
    Library of Congress Classification     Arts & Social Sciences Kisii University Library Kisii University Library On Display 02/26/2026 111569   PQ 4865 .C6 E26 1996 A000749 02/26/2026 3 02/26/2026 Long Loan Book
    Library of Congress Classification     Arts & Social Sciences Kisii University Library Kisii University Library On Display 02/26/2026 111570   PQ 4865 .C6 E26 1996 A000751 02/26/2026 4 02/26/2026 Long Loan Book